[Event "SB-2022-0-00629"]
[Site "LSS email"]
[Date "2022.01.07"]
[Round "?"]
[White "Alvarez, Joaquin"]
[Black "Varas, Pablo"]
[Result "1/2-1/2"]
[WhiteElo "1994"]
[BlackElo "1887"]
[PlyCount "53"]
[EventDate "2021.12.01"]
[EventType "tourn (corr)"]
[EventRounds "6"]
[EventCountry "GER"]
[SourceTitle "Corr 2024"]
[Source "ChessBase"]
[SourceDate "2023.10.19"]
[SourceVersion "1"]
[SourceVersionDate "2023.10.19"]
[SourceQuality "1"]

1. d4 d5 2. c4 e6 3. Nc3 Be7 4. Bf4 Nf6 5. Nf3 0-0 6. Rc1 c5 7. e3 dxc4 8. Bxc4 cxd4 9. Nxd4 Qb6 10. 0-0 Bd7 11. g4 Rc8 12. Bb3 g6 13. Qf3 Nc6 14. Rfd1 Nxd4 15. exd4 Bc6 16. d5 Bxd5 17. Bxd5 Nxd5 18. Nxd5 exd5 19. Rxc8+ Rxc8 20. Rxd5 Qxb2 21. Rd7 Qf6 22. Qxb7 Rc4 23. Bg3 Rb4 24. Qc8+ Kg7 25. Kg2 Rxg4 26. Rxa7 Rg5 27. Ra8 1/2-1/2

[Event "SB-2021-0-00605"]
[Site "LSS email"]
[Date "2021.01.04"]
[Round "?"]
[White "Salonen, Jukka"]
[Black "Alvarez, Joaquin"]
[Result "0-1"]
[WhiteElo "1843"]
[BlackElo "1954"]
[PlyCount "98"]
[EventDate "2020.09.21"]
[EventType "tourn (corr)"]
[EventRounds "6"]
[EventCountry "GER"]
[SourceTitle "Corr 2024"]
[Source "ChessBase"]
[SourceDate "2023.10.19"]
[SourceVersion "1"]
[SourceVersionDate "2023.10.19"]
[SourceQuality "1"]

1. d4 d5 2. Nf3 Nf6 3. Bg5 Ne4 4. Bh4 c5 5. dxc5 Nc6 6. e3 h6 7. Nbd2 Nxc5 8. Nb3 g5 9. Nxc5 gxh4 10. Nb3 Bg7 11. c3 e5 12. Qd2 a5 13. a4 0-0 14. h3 b6 15. Bb5 Na7 16. Be2 Be6 17. 0-0 Nc8 18. Qc2 Nd6 19. Nbd2 Kh8 20. Rad1 e4 21. Nd4 Bxd4 22. cxd4 Rg8 23. Kh1 Qd7 24. Kh2 Rg6 25. Nb1 Rag8 26. Rg1 f6 27. Nc3 Qg7 28. Bf1 Nf7 29. Ne2 Ng5 30. Nf4 Nf3+ 31. Kh1 Bxh3 32. Nxh3 Nxg1 33. Nf4 Rg4 34. Kxg1 h3 35. g3 Rxg3+ 36. fxg3 Qxg3+ 37. Ng2 Qxe3+ 38. Kh1 Qf3 39. Re1 f5 40. Kg1 f4 41. Qe2 Qxe2 42. Bxe2 f3 43. Bb5 hxg2 44. Kf2 Rc8 45. Kg3 h5 46. Rg1 Rf8 47. b3 e3 48. Rc1 h4+ 49. Kh3 Rg8 0-1